| 000 | 01606cam a2200421 i 4500 | ||
|---|---|---|---|
| 999 |
_c64553 _d64553 |
||
| 001 | 768714001 | ||
| 003 | CO-MdFUSB | ||
| 005 | 20190514063410.0 | ||
| 008 | 170615s2017 mau 000 0 eng | ||
| 010 | _a 2017027410 | ||
| 020 | _a9781683070498 (alk. paper) | ||
| 040 |
_aDLC _beng _cCO-MdFUSB _erda _dCO-MdFUSB |
||
| 041 | _aeng | ||
| 042 | _apcc | ||
| 082 | 0 | 0 |
_a261.85 _223 _bP966 |
| 110 | _aLausanne Movement, | ||
| 245 | 0 | 0 |
_aProsperity theology and the Gospel : _bgood news or bad news for the poor? / _ceditado por J. Daniel Salinas ; prólogo por Valdir Steuernagel. |
| 264 | 1 |
_aPeabody, Massachusetts : _bHendrickson Publishers Marketing, LLC, _c[2017] |
|
| 264 | 4 | _c©2017 | |
| 300 |
_axi, 219 páginas ; _c23 cm. |
||
| 336 |
_atexto _btxt _2rdacontent |
||
| 337 |
_asin mediación _bn _2rdamedia |
||
| 338 |
_avolumen _bnc _2rdacarrier |
||
| 500 | _a"Lausanne Library." --Tp. | ||
| 505 |
_gParte Uno: _tLa Palabra de Dios: Teología de la prosperidad y los pobres en la biblia. |
||
| 505 |
_gParte dos: _tLa palabra de Dios: Historicidad, sociología y enfoques éticos. |
||
| 505 |
_gParte tres: _tLa palabra de Dios: Estudio de casos. |
||
| 505 |
_gParte cuatro: _tEl camino a seguir. |
||
| 563 | _aRústico | ||
| 650 | 0 | _aFaith movement (Hagin) | |
| 650 | 0 |
_aWealth _xReligious aspects _xChristianity. |
|
| 650 | 0 |
_aPoor _xReligious aspects _xChristianity. |
|
| 650 | 0 |
_aPoverty _xReligious aspects _xChristianity. |
|
| 653 | _aPobres -- Aspectos religiosos -- Cristianismo | ||
| 700 | 1 |
_aSalinas, Daniel, _eeditor. _91279 |
|
| 942 | _cBK | ||